000 00870cad a22001935a 4500
001 E150181
008 100610s2010 xxk d f 000 0 eng d
035 _a(Sirsi) u150181
041 0 _aeng
050 0 4 _a333.3309411 $2 18
110 2 _aSavills Research
_95211
245 0 0 _aSpotlight on Scottish residential development land
_bsummer 2010
_h[electronic resource]
260 _aLondon
_bSavills Research
_c2010
520 _aSuggests that land value growth is still subdued, with the lack of lending being a major issue. Small, easily developed sites are currently more popular than large strategic ones in Scotland.
651 4 _aScotland
_y1999-
690 _aPROPERTY-RESIDENTIAL PROPERTY-RESIDENTIAL PROPERTY MARKET
856 4 0 _uhttps://www.savills.co.uk/research/Report.aspx?nodeID=11307#
_zView the report free of charge at www.savills.co.uk...
942 _n0
999 _c110779
_d110779